000 00361nam a2200121Ia 4500
008 220901s9999||||xx |||||||||||||| ||und||
082 _a004.6 MAO
100 _aMao, Yuxin
245 0 _aInternational journal of networks and applications
250 _aVol. 9 Issue No. 1 & 2
260 _bGlobal Research Publications
_c2019
650 _aComputer Networks
_913005
999 _c193532
_d193532